000 01483nam a22002417a 4500
003 PILC
005 20260123102014.0
008 260123b |||||||| |||| 00| 0 eng d
010 _aAcc#49318
020 _a978-1-4335-0584-3 (Trade Paperback)
020 _a978-1-4335-0585-0 (PDF)
020 _a978-1-4335-0586-7 (Mobipocket)
040 _cPhilippine Baptist Theological Seminary
050 _aBX 9498.A37
_bG51 2009
245 _aGlory road : the journeys of 10 African-Americans into reformed Christianity /
_cedited by Anthony J. Carter.
264 _aWheaton, Illinois :
_bCrossway Books,
_c©2009.
300 _a192 pages ;
_c22 cm.
504 _aIncludes bibliographical references and index.
505 _aA plea for real answers / Reddit Andrews III -- From Mecca to the Messiah / Thabiti Anyabwile -- Clemson University saved my life / Anthony D. Bradley -- Doesn't everyone believe the same thing? / Anthony J. Carter -- Grace and greater union / Ken Jones -- I remember it well / Michael Leach -- The Old bait and switch / Lance Lewis -- The doors of the church are opened! / Louis C. Love Jr. -- Sovereign in a sweet home, school, and solace / Eric C. Redmond -- Looking for love in all the wrong places / Roger Skepple -- Afterword: Black, reformed, but foremost Christian / Anthony J. Carter.
650 _aAfrican American Reformed (Reformed Church)
_vBiography
650 _aReformed Church converts
_zUnited States
_vBiography
942 _2lcc
_cCB
999 _c75437
_d75437